| 000 | 00425nam a2200169Ia 4500 | ||
|---|---|---|---|
| 008 | 230711s9999||||xx |||||||||||||| ||und|| | ||
| 020 | _a978-81-265-1191-4 | ||
| 041 | _aENG | ||
| 082 |
_a515.7 _bKR-I |
||
| 100 | _aKreyszig,Erwin | ||
| 245 | 0 | _aIntroductory functional analysis with applications | |
| 250 | _a1st Ed. | ||
| 260 |
_c2014 _aNew Delhi _bWiley & Sons |
||
| 300 | _a687p. | ||
| 650 | _aMathematics | ||
| 942 | _cBK | ||
| 999 |
_c5803 _d5803 |
||